000 00583nam a2200205Ia 4500
003 OSt
005 20251106110101.0
008 220923b |||||||| |||| 00| 0 urd d
037 _cTB
040 _aARTS
_cARTS
_burd
041 _2urd
_aurd
084 _aO168wN2 M1
_qAL
100 _aAazad Jagan Nath
_9850210
245 0 _aAankhen tarashti hai
260 _aNew Delhi:
_b Modern Publishing India,
_c1981.
300 _a212p.
_ccm.
650 _aURDU LITERATURE
_9850211
942 _hO168w,N2 M1
_cTB
_2CC
_n0
999 _c418371
_d418371